[Event "EYCC Open-U18 2019"]
[Site "Bratislava"]
[Date "2019.08.08"]
[Round "7.21"]
[White "Garayev, Kanan"]
[Black "Mirri, Pietro"]
[Result "1-0"]
[WhiteElo "2351"]
[BlackElo "2194"]
[Annotator "NA"]
[PlyCount "63"]
[EventDate "2019.08.02"]
[EventType "swiss"]
[EventCountry "SVK"]
[SourceTitle "playchess.com"]
[Source "ChessBase"]
[SourceQuality "1"]
[TimeControl "40/5400+30:1800+30"]

1. d4 {[%emt 0:00:00]} d5 {[%emt 0:00:00]} 2. Nf3 {[%emt 0:00:00]} Nf6 {[%emt 0:00:00]} 3. Bf4 {[%emt 0:00:00]} e6 {[%emt 0:00:00]} 4. e3 {[%emt 0:00:00]} c5 {[%emt 0:00:39]} 5. c3 {[%emt 0:00:03]} Nc6 {[%emt 0:00:59]} 6. Nbd2 {[%emt 0:00:08]} Bd6 {[%emt 0:01:33]} 7. Bg3 {[%emt 0:00:07]} O-O {[%emt 0:00:39]} 8. Bb5 {[%emt 0:00:03]} a6 {[%emt 0:05:13]} 9. Bxc6 {[%emt 0:00:15]} bxc6 {[%emt 0:00:05]} 10. Qa4 {[%emt 0:01:26]} Bxg3 {[%emt 0:07:20]} 11. hxg3 {[%emt 0:00:16]} Qb6 {[%emt 0:02:57]} 12. Qa3 {[%emt 0:03:14]} Rb8 {[%emt 0:04:50]} 13. Rb1 {[%emt 0:02:59]} Nd7 {[%emt 0:05:53]} 14. O-O {[%emt 0:04:28]} Re8 {[%emt 0:02:23]} 15. Nb3 {[%emt 0:02:49]} c4 {[%emt 0:06:20]} 16. Nbd2 {[%emt 0:00:35]} Qc7 {[%emt 0:02:25]} 17. b3 {[%emt 0:01:45]} cxb3 {[%emt 0:01:02]} 18. Nxb3 {[%emt 0:01:26]} f6 {[%emt 0:10:58]} 19. Rfc1 {[%emt 0:03:17]} Nb6 {[%emt 0:09:04]} 20. Nfd2 {[%emt 0:04:20]} e5 {[%emt 0:02:12]} 21. Nc5 {[%emt 0:00:18]} Qa7 {[%emt 0:02:50]} 22. Qa5 {[%emt 0:05:32]} Bf5 {[%emt 0:07:06]} 23. Rb4 {[%emt 0:01:54]} Nd7 {[%emt 0:03:50]} 24. Nxd7 {[%emt 0:01:39]} Qxd7 {[%emt 0:01:51]} 25. Nb3 {[%emt 0:02:16]} Be4 {[%emt 0:09:41]} 26. Qxa6 {[%emt 0:04:37]} Ra8 {[%emt 0:03:29]} 27. Qe2 {[%emt 0:00:03]} exd4 {[%emt 0:02:05]} 28. cxd4 {[%emt 0:00:36]} Ra3 {[%emt 0:00:08]} 29. Nc5 {[%emt 0:00:47]} Qa7 {[%emt 0:00:05]} 30. Rb7 {[%emt 0:00:56]} Qa8 {[%emt 0:03:53]} 31. Qg4 {[%emt 0:00:28]} Bg6 {[%emt 0:00:35]} 32. Qd7 {[%emt 0:00:07]} 1-0

[Event "EYCC Open-U18 2019"]
[Site "Bratislava"]
[Date "2019.08.08"]
[Round "7.22"]
[White "Bekasovs, Rihards"]
[Black "Tisaj, Domen"]
[Result "0-1"]
[WhiteElo "2144"]
[BlackElo "2232"]
[Annotator "NA"]
[PlyCount "100"]
[EventDate "2019.08.02"]
[EventType "swiss"]
[EventCountry "SVK"]
[SourceTitle "playchess.com"]
[Source "ChessBase"]
[SourceQuality "1"]
[TimeControl "40/5400+30:1800+30"]

1. d4 {[%emt 0:00:00]} f5 {[%emt 0:00:00]} 2. g3 {[%emt 0:00:00]} Nf6 {[%emt 0:00:00]} 3. Bg2 {[%emt 0:00:00]} e6 {[%emt 0:00:31]} 4. Nf3 {[%emt 0:00:04]} d5 {[%emt 0:00:25]} 5. c4 {[%emt 0:00:11]} c6 {[%emt 0:00:27]} 6. Qc2 {[%emt 0:00:31]} Bd6 {[%emt 0:00:23]} 7. Bf4 {[%emt 0:01:49]} O-O {[%emt 0:00:21]} 8. Nbd2 {[%emt 0:01:41]} Bxf4 {[%emt 0:01:06]} 9. gxf4 {[%emt 0:00:06]} Nbd7 {[%emt 0:00:16]} 10. e3 {[%emt 0:01:51]} h6 {[%emt 0:01:03]} 11. O-O-O {[%emt 0:20:40]} Qe7 {[%emt 0:21:58]} 12. h4 {[%emt 0:09:04]} b6 {[%emt 0:05:38]} 13. Ne5 {[%emt 0:04:13]} Nxe5 {[%emt 0:00:29]} 14. dxe5 {[%emt 0:03:40]} Ng4 {[%emt 0:02:25]} 15. cxd5 {[%emt 0:01:42]} cxd5 {[%emt 0:00:41]} 16. Nb3 {[%emt 0:03:54]} Bd7 {[%emt 0:01:51]} 17. Qd2 {[%emt 0:00:25]} Ba4 {[%emt 0:01:14]} 18. f3 {[%emt 0:05:10]} Bxb3 {[%emt 0:00:43]} 19. axb3 {[%emt 0:00:07]} Qc5+ {[%emt 0:06:33]} 20. Kb1 {[%emt 0:00:10]} Qxe3 {[%emt 0:00:25]} 21. fxg4 {[%emt 0:00:13]} Qxd2 {[%emt 0:00:04]} 22. Rxd2 {[%emt 0:00:06]} fxg4 {[%emt 0:00:33]} 23. Rf1 {[%emt 0:11:25]} Rae8 {[%emt 0:02:50]} 24. f5 {[%emt 0:14:38]} Rxf5 {[%emt 0:01:08]} 25. Rxf5 {[%emt 0:00:02]} exf5 {[%emt 0:00:09]} 26. Bxd5+ {[%emt 0:00:48]} Kf8 {[%emt 0:00:14]} 27. Re2 {[%emt 0:01:40]} Ke7 {[%emt 0:00:32]} 28. Rc2 {[%emt 0:05:02]} f4 {[%emt 0:02:35]} 29. h5 {[%emt 0:04:32]} f3 {[%emt 0:02:43]} 30. Rc7+ {[%emt 0:03:30]} Kd8 {[%emt 0:00:22]} 31. Rxg7 {[%emt 0:00:00]} Rxe5 {[%emt 0:00:13]} 32. Bc4 {[%emt 0:00:42]} Re1+ {[%emt 0:21:01]} 33. Kc2 {[%emt 0:00:19]} Rg1 {[%emt 0:00:05]} 34. Rf7 {[%emt 0:02:22]} Rg2+ {[%emt 0:01:11]} 35. Kd3 {[%emt 0:01:31]} f2 {[%emt 0:06:44]} 36. Bd5 {[%emt 0:01:12]} Rh2 {[%emt 0:00:02]} 37. Ke2 {[%emt 0:00:56]} Rxh5 {[%emt 0:00:27]} 38. Bg2 {[%emt 0:01:17]} g3 {[%emt 0:00:06]} 39. Kf3 {[%emt 0:00:43]} Rg5 {[%emt 0:01:02]} 40. Rf6 {[%emt 0:00:00]} h5 {[%emt 0:00:00]} 41. Rf4 {[%emt 0:04:33]} Rg7 {[%emt 0:01:15]} 42. Rf5 {[%emt 0:02:01]} h4 {[%emt 0:03:15]} 43. Rf4 {[%emt 0:01:34]} Rd7 {[%emt 0:01:37]} 44. Kg4 {[%emt 0:02:10]} Rd2 {[%emt 0:02:32]} 45. Kh3 {[%emt 0:01:53]} Rxb2 {[%emt 0:00:25]} 46. Rxh4 {[%emt 0:03:04]} Rxb3 {[%emt 0:00:35]} 47. Rg4 {[%emt 0:01:16]} a5 {[%emt 0:04:31]} 48. Rxg3 {[%emt 0:00:46]} a4 {[%emt 0:00:20]} 49. Kg4 {[%emt 0:01:34]} b5 {[%emt 0:01:03]} 50. Kf4 {[%emt 0:04:54]} Rxg3 {[%emt 0:00:15]} 0-1

[Event "EYCC Open-U18 2019"]
[Site "Bratislava"]
[Date "2019.08.08"]
[Round "7.23"]
[White "Iliaguev, Nisim"]
[Black "Triantos, Konstantinos"]
[Result "1-0"]
[WhiteElo "2357"]
[BlackElo "2129"]
[Annotator "NA"]
[PlyCount "89"]
[EventDate "2019.08.02"]
[EventType "swiss"]
[EventCountry "SVK"]
[SourceTitle "playchess.com"]
[Source "ChessBase"]
[SourceQuality "1"]
[TimeControl "40/5400+30:1800+30"]

1. d4 {[%emt 0:00:00]} Nf6 {[%emt 0:00:00]} 2. c4 {[%emt 0:00:00]} e6 {[%emt 0:00:00]} 3. Nf3 {[%emt 0:00:00]} c5 {[%emt 0:00:20]} 4. g3 {[%emt 0:01:59]} cxd4 {[%emt 0:04:12]} 5. Nxd4 {[%emt 0:01:31]} d5 {[%emt 0:00:18]} 6. Bg2 {[%emt 0:00:18]} e5 {[%emt 0:00:50]} 7. Nf3 {[%emt 0:00:17]} d4 {[%emt 0:00:11]} 8. O-O {[%emt 0:00:13]} Nc6 {[%emt 0:00:33]} 9. e3 {[%emt 0:00:08]} Be7 {[%emt 0:03:38]} 10. exd4 {[%emt 0:00:06]} exd4 {[%emt 0:00:06]} 11. Bf4 {[%emt 0:01:46]} O-O {[%emt 0:00:45]} 12. Ne5 {[%emt 0:00:49]} Qb6 {[%emt 0:00:20]} 13. Nxc6 {[%emt 0:03:48]} bxc6 {[%emt 0:00:19]} 14. Qb3 {[%emt 0:00:56]} Qa6 {[%emt 0:05:00]} 15. Nd2 {[%emt 0:06:22]} Be6 {[%emt 0:00:55]} 16. Be5 {[%emt 0:04:27]} Rfd8 {[%emt 0:03:50]} 17. Bxf6 {[%emt 0:00:58]} Bxf6 {[%emt 0:01:09]} 18. Qd3 {[%emt 0:00:06]} Rac8 {[%emt 0:12:26]} 19. f4 {[%emt 0:01:42]} g6 {[%emt 0:00:55]} 20. b3 {[%emt 0:00:37]} Qa5 {[%emt 0:01:36]} 21. Be4 {[%emt 0:12:37]} Bg4 {[%emt 0:09:52]} 22. a3 {[%emt 0:11:01]} Be2 {[%emt 0:08:29]} 23. Qxe2 {[%emt 0:00:17]} d3 {[%emt 0:00:02]} 24. Qg2 {[%emt 0:01:44]} Bd4+ {[%emt 0:05:30]} 25. Kh1 {[%emt 0:00:10]} Bxa1 {[%emt 0:00:03]} 26. Rxa1 {[%emt 0:00:03]} Qc3 {[%emt 0:02:03]} 27. Re1 {[%emt 0:04:56]} Re8 {[%emt 0:01:30]} 28. Qf2 {[%emt 0:05:10]} Re7 {[%emt 0:08:55]} 29. g4 {[%emt 0:02:11]} Rce8 {[%emt 0:11:49]} 30. f5 {[%emt 0:00:46]} Qf6 {[%emt 0:00:31]} 31. Qe3 {[%emt 0:06:29]} Qh4 {[%emt 0:02:08]} 32. Qg3 {[%emt 0:12:50]} Qg5 {[%emt 0:00:11]} 33. Re3 {[%emt 0:00:58]} Qf6 {[%emt 0:06:22]} 34. Kg2 {[%emt 0:01:14]} gxf5 {[%emt 0:01:17]} 35. gxf5+ {[%emt 0:00:46]} Kh8 {[%emt 0:00:04]} 36. Qf2 {[%emt 0:00:59]} h6 {[%emt 0:06:43]} 37. Qf4 {[%emt 0:01:04]} Rg8+ {[%emt 0:02:35]} 38. Rg3 {[%emt 0:00:44]} Rxg3+ {[%emt 0:01:10]} 39. hxg3 {[%emt 0:00:01]} Rd7 {[%emt 0:00:33]} 40. Qh4 {[%emt 0:00:00]} Qg7 {[%emt 0:00:00]} 41. f6 {[%emt 0:04:27]} Qf8 {[%emt 0:01:23]} 42. Bxc6 {[%emt 0:01:52]} Rd6 {[%emt 0:00:07]} 43. Be4 {[%emt 0:00:27]} Re6 {[%emt 0:00:16]} 44. c5 {[%emt 0:01:00]} Kg8 {[%emt 0:00:04]} 45. c6 {[%emt 0:01:23]} 1-0

[Event "EYCC Open-U18 2019"]
[Site "Bratislava"]
[Date "2019.08.08"]
[Round "7.24"]
[White "Papp, Levente"]
[Black "Nordquelle, Daniel"]
[Result "1/2-1/2"]
[WhiteElo "2362"]
[BlackElo "2181"]
[Annotator "NA"]
[PlyCount "152"]
[EventDate "2019.08.02"]
[EventType "swiss"]
[EventCountry "SVK"]
[SourceTitle "playchess.com"]
[Source "ChessBase"]
[SourceQuality "1"]
[TimeControl "40/5400+30:1800+30"]

1. d4 {[%emt 0:00:00]} d5 {[%emt 0:00:00]} 2. Bf4 {[%emt 0:00:00]} Nf6 {[%emt 0:00:14]} 3. e3 {[%emt 0:00:00]} c5 {[%emt 0:00:13]} 4. c3 {[%emt 0:00:00]} Nc6 {[%emt 0:00:04]} 5. Nd2 {[%emt 0:00:01]} Qb6 {[%emt 0:02:22]} 6. Qc2 {[%emt 0:00:20]} Bg4 {[%emt 0:02:04]} 7. Ngf3 {[%emt 0:04:11]} e6 {[%emt 0:00:26]} 8. dxc5 {[%emt 0:08:41]} Bxc5 {[%emt 0:00:33]} 9. Bd3 {[%emt 0:00:05]} O-O {[%emt 0:07:59]} 10. Bg5 {[%emt 0:08:17]} Bxf3 {[%emt 0:03:47]} 11. gxf3 {[%emt 0:06:30]} Ne5 {[%emt 0:02:40]} 12. Bxf6 {[%emt 0:07:36]} Nxd3+ {[%emt 0:00:06]} 13. Qxd3 {[%emt 0:00:03]} gxf6 {[%emt 0:00:13]} 14. O-O-O {[%emt 0:02:50]} Kh8 {[%emt 0:00:16]} 15. Rhg1 {[%emt 0:01:14]} Rg8 {[%emt 0:01:23]} 16. Rg3 {[%emt 0:02:12]} Be7 {[%emt 0:19:16]} 17. f4 {[%emt 0:17:58]} f5 {[%emt 0:02:21]} 18. f3 {[%emt 0:01:41]} Bh4 {[%emt 0:12:02]} 19. Rxg8+ {[%emt 0:09:19]} Rxg8 {[%emt 0:00:33]} 20. e4 {[%emt 0:00:04]} dxe4 {[%emt 0:13:23]} 21. fxe4 {[%emt 0:01:31]} fxe4 {[%emt 0:00:13]} 22. Qxe4 {[%emt 0:00:29]} Bf6 {[%emt 0:01:00]} 23. Nc4 {[%emt 0:06:24]} Qf2 {[%emt 0:09:50]} 24. Rd2 {[%emt 0:02:32]} Qf1+ {[%emt 0:00:41]} 25. Kc2 {[%emt 0:00:55]} Rg1 {[%emt 0:00:50]} 26. Kb3 {[%emt 0:04:36]} Rg4 {[%emt 0:01:13]} 27. Qxb7 {[%emt 0:00:31]} Qxf4 {[%emt 0:00:35]} 28. Qc6 {[%emt 0:01:24]} Qb8+ {[%emt 0:06:41]} 29. Kc2 {[%emt 0:00:18]} Qf4 {[%emt 0:02:56]} 30. Kb3 {[%emt 0:10:56]} Qb8+ {[%emt 0:00:07]} 31. Ka3 {[%emt 0:01:16]} Be7+ {[%emt 0:00:11]} 32. b4 {[%emt 0:00:14]} a5 {[%emt 0:00:17]} 33. Rd7 {[%emt 0:01:35]} Bxb4+ {[%emt 0:03:55]} 34. Kb3 {[%emt 0:00:51]} a4+ {[%emt 0:02:48]} 35. Kc2 {[%emt 0:00:03]} Bf8 {[%emt 0:01:04]} 36. Rxf7 {[%emt 0:02:23]} Qxh2+ {[%emt 0:00:05]} 37. Nd2 {[%emt 0:00:08]} Bh6 {[%emt 0:00:59]} 38. Rd7 {[%emt 0:00:25]} Bxd2 {[%emt 0:03:49]} 39. Rxd2 {[%emt 0:00:57]} Qe5 {[%emt 0:00:05]} 40. Rd8+ {[%emt 0:00:00]} Kg7 {[%emt 0:00:00]} 41. Qb7+ {[%emt 0:12:43]} Kh6 {[%emt 0:03:47]} 42. Qh1+ {[%emt 0:06:58]} Qh5 {[%emt 0:00:31]} 43. Qxh5+ {[%emt 0:01:42]} Kxh5 {[%emt 0:00:15]} 44. Rd6 {[%emt 0:00:30]} Rg2+ {[%emt 0:07:29]} 45. Kd3 {[%emt 0:03:08]} Rxa2 {[%emt 0:00:06]} 46. Rxe6 {[%emt 0:00:03]} Kg5 {[%emt 0:07:33]} 47. Re5+ {[%emt 0:00:47]} Kg4 {[%emt 0:00:18]} 48. Re4+ {[%emt 0:00:08]} Kf5 {[%emt 0:02:23]} 49. Rh4 {[%emt 0:00:25]} Kg6 {[%emt 0:00:07]} 50. Rg4+ {[%emt 0:02:51]} Kh5 {[%emt 0:00:02]} 51. Rg1 {[%emt 0:00:13]} a3 {[%emt 0:01:55]} 52. Rh1+ {[%emt 0:01:15]} Kg6 {[%emt 0:00:05]} 53. Rg1+ {[%emt 0:00:04]} Kf6 {[%emt 0:00:12]} 54. Rh1 {[%emt 0:00:03]} Kg7 {[%emt 0:00:08]} 55. Rg1+ {[%emt 0:00:05]} Kh8 {[%emt 0:01:12]} 56. c4 {[%emt 0:00:21]} Rb2 {[%emt 0:04:40]} 57. Kc3 {[%emt 0:00:25]} Rb8 {[%emt 0:00:53]} 58. c5 {[%emt 0:03:42]} a2 {[%emt 0:01:08]} 59. Ra1 {[%emt 0:00:04]} Ra8 {[%emt 0:00:18]} 60. Kd4 {[%emt 0:00:26]} h5 {[%emt 0:01:25]} 61. c6 {[%emt 0:00:36]} Kg7 {[%emt 0:02:55]} 62. Kd5 {[%emt 0:00:52]} h4 {[%emt 0:01:11]} 63. c7 {[%emt 0:00:11]} Kf6 {[%emt 0:04:06]} 64. Rxa2 {[%emt 0:01:01]} Rc8 {[%emt 0:00:45]} 65. Kc6 {[%emt 0:00:57]} Kg5 {[%emt 0:00:15]} 66. Kd7 {[%emt 0:01:25]} Rh8 {[%emt 0:00:47]} 67. c8=Q {[%emt 0:02:32]} Rxc8 {[%emt 0:00:06]} 68. Kxc8 {[%emt 0:00:05]} h3 {[%emt 0:00:14]} 69. Kd7 {[%emt 0:00:13]} Kg4 {[%emt 0:00:18]} 70. Ke6 {[%emt 0:00:20]} Kg3 {[%emt 0:00:24]} 71. Ra3+ {[%emt 0:00:09]} Kg2 {[%emt 0:00:21]} 72. Kf5 {[%emt 0:00:59]} h2 {[%emt 0:00:08]} 73. Ra2+ {[%emt 0:00:07]} Kg1 {[%emt 0:00:18]} 74. Kg4 {[%emt 0:00:33]} h1=Q {[%emt 0:00:10]} 75. Ra1+ {[%emt 0:00:05]} Kg2 {[%emt 0:00:12]} 76. Rxh1 {[%emt 0:00:03]} Kxh1 1/2-1/2

[Event "EYCC Open-U18 2019"]
[Site "Bratislava"]
[Date "2019.08.08"]
[Round "7.25"]
[White "Mladek, Richard"]
[Black "Schoppen, Casper"]
[Result "0-1"]
[WhiteElo "2253"]
[BlackElo "2493"]
[Annotator "ChessBase"]
[PlyCount "110"]
[EventDate "2019.08.02"]
[EventType "swiss"]
[EventCountry "SVK"]
[SourceTitle "playchess.com"]
[Source "ChessBase"]
[SourceQuality "1"]
[TimeControl "40/5400+30:1800+30"]

1. e4 {[%emt 0:00:00]} e5 {[%emt 0:00:00]} 2. Nf3 {[%emt 0:00:00]} Nc6 {[%emt 0:00:00]} 3. Bb5 {[%emt 0:00:02]} a6 {[%emt 0:00:20]} 4. Ba4 {[%emt 0:00:20]} Nf6 {[%emt 0:00:11]} 5. O-O {[%emt 0:00:17]} Be7 {[%emt 0:00:05]} 6. Re1 {[%emt 0:02:03]} b5 {[%emt 0:00:07]} 7. Bb3 {[%emt 0:00:05]} d6 {[%emt 0:00:05]} 8. c3 {[%emt 0:00:08]} O-O {[%emt 0:00:06]} 9. h3 {[%emt 0:00:02]} Bb7 {[%emt 0:00:10]} 10. d4 {[%emt 0:01:21]} Re8 {[%emt 0:00:06]} 11. Ng5 {[%emt 0:01:48]} Rf8 {[%emt 0:00:07]} 12. Nf3 h6 {[%emt 0:01:12]} 13. Nbd2 {[%emt 0:02:15]} Re8 {[%emt 0:00:54]} 14. Nf1 {[%emt 0:01:07]} Bf8 {[%emt 0:00:41]} 15. Ng3 {[%emt 0:00:25]} Na5 {[%emt 0:01:01]} 16. Bc2 {[%emt 0:02:25]} Nc4 {[%emt 0:00:20]} 17. b3 Nb6 18. a4 {[%emt 0:01:55]} bxa4 {[%emt 0:04:39]} 19. bxa4 {[%emt 0:09:23]} a5 {[%emt 0:08:20]} 20. Bd3 {[%emt 0:10:00]} Qd7 21. Rb1 {[%emt 0:00:48]} Bc6 {[%emt 0:04:51]} 22. Bb5 Rab8 23. d5 {[%emt 0:03:52]} Bxb5 {[%emt 0:05:02]} 24. axb5 {[%emt 0:06:09]} a4 25. Rb4 {[%emt 0:00:30]} Ra8 {[%emt 0:05:13]} 26. Ba3 {[%emt 0:02:04]} g6 {[%emt 0:10:43]} 27. Ne2 {[%emt 0:00:30]} Ra5 {[%emt 0:06:09]} 28. Qd3 {[%emt 0:12:03]} Nbxd5 {[%emt 0:02:27]} 29. Rbb1 {[%emt 0:00:30]} Nb6 {[%emt 0:00:30]} 30. c4 {[%emt 0:01:18]} Qe6 {[%emt 0:16:01]} 31. Nd2 {[%emt 0:01:01]} Nh5 32. Nc3 {[%emt 0:00:01]} Nf4 {[%emt 0:04:19]} 33. Qf1 {[%emt 0:02:14]} Qd7 {[%emt 0:03:45]} 34. Nd5 {[%emt 0:01:17]} Nbxd5 {[%emt 0:04:42]} 35. exd5 {[%emt 0:00:52]} Raa8 36. Re3 f5 {[%emt 0:03:46]} 37. g3 {[%emt 0:02:17]} Nh5 {[%emt 0:00:13]} 38. Bb2 {[%emt 0:01:51]} Bg7 {[%emt 0:04:40]} 39. Ra3 {[%emt 0:07:47]} e4 {[%emt 0:01:30]} 40. Qc1 {[%emt 0:00:00]} f4 {[%emt 0:00:00]} 41. g4 {[%emt 0:08:43]} e3 42. Nf3 {[%emt 0:01:22]} exf2+ {[%emt 0:16:13]} 43. Kxf2 {[%emt 0:00:30]} Ng3 44. Bxg7 {[%emt 0:01:19]} Re2+ {[%emt 0:01:55]} 45. Kg1 {[%emt 0:06:44]} Re4 {[%emt 0:04:40]} 46. Qb2 {[%emt 0:01:57]} Qxg7 {[%emt 0:01:37]} 47. Qxg7+ Kxg7 48. Rb4 {[%emt 0:00:48]} Re3 {[%emt 0:04:19]} 49. Raxa4 {[%emt 0:00:12]} Rxa4 {[%emt 0:00:55]} 50. Rxa4 {[%emt 0:00:02]} Rxf3 {[%emt 0:00:09]} 51. Ra7 {[%emt 0:00:00]} Rb3 {[%emt 0:01:19]} 52. Rxc7+ Kf6 53. h4 {[%emt 0:02:05]} Rb2 {[%emt 0:00:36]} 54. b6 {[%emt 0:00:11]} f3 {[%emt 0:00:06]} 55. b7 {[%emt 0:00:03]} Rg2# {[%emt 0:00:04]} 0-1

[Event "EYCC Open-U18 2019"]
[Site "Bratislava"]
[Date "2019.08.08"]
[Round "7.26"]
[White "Chylewski, Patryk"]
[Black "Golikov, Daniil"]
[Result "0-1"]
[WhiteElo "2376"]
[BlackElo "2257"]
[Annotator "NA"]
[PlyCount "100"]
[EventDate "2019.08.02"]
[EventType "swiss"]
[EventCountry "SVK"]
[SourceTitle "playchess.com"]
[Source "ChessBase"]
[SourceQuality "1"]
[TimeControl "40/5400+30:1800+30"]

1. d4 {[%emt 0:00:00]} Nf6 {[%emt 0:00:00]} 2. c4 {[%emt 0:00:00]} e6 {[%emt 0:00:00]} 3. g3 {[%emt 0:00:14]} c5 {[%emt 0:00:30]} 4. d5 {[%emt 0:00:05]} exd5 {[%emt 0:00:36]} 5. cxd5 {[%emt 0:00:05]} d6 {[%emt 0:00:02]} 6. Nc3 {[%emt 0:00:22]} g6 {[%emt 0:03:38]} 7. Nf3 {[%emt 0:00:08]} Bg7 {[%emt 0:00:07]} 8. Bg2 {[%emt 0:00:04]} O-O {[%emt 0:00:04]} 9. O-O {[%emt 0:00:06]} a6 {[%emt 0:03:42]} 10. a4 {[%emt 0:00:06]} Re8 {[%emt 0:00:05]} 11. Re1 {[%emt 0:00:22]} Ne4 {[%emt 0:04:50]} 12. Nxe4 {[%emt 0:03:33]} Rxe4 {[%emt 0:00:02]} 13. Qc2 {[%emt 0:02:32]} Re8 {[%emt 0:03:22]} 14. e4 {[%emt 0:01:23]} Nd7 {[%emt 0:01:16]} 15. Nd2 {[%emt 0:08:24]} f5 {[%emt 0:06:09]} 16. Nc4 {[%emt 0:09:15]} Ne5 {[%emt 0:00:08]} 17. Nxe5 {[%emt 0:13:10]} Bxe5 {[%emt 0:00:06]} 18. Bd2 {[%emt 0:03:13]} Bd7 {[%emt 0:28:18]} 19. Bc3 {[%emt 0:16:14]} Bxc3 {[%emt 0:12:37]} 20. Qxc3 {[%emt 0:03:57]} fxe4 {[%emt 0:01:15]} 21. Bxe4 {[%emt 0:05:58]} b5 {[%emt 0:03:51]} 22. h4 {[%emt 0:11:02]} b4 {[%emt 0:09:05]} 23. Qc2 {[%emt 0:01:27]} Qf6 {[%emt 0:02:41]} 24. Re3 {[%emt 0:03:22]} Bf5 {[%emt 0:03:50]} 25. Rae1 {[%emt 0:00:41]} Bxe4 {[%emt 0:00:20]} 26. Rxe4 {[%emt 0:00:05]} Rxe4 {[%emt 0:00:03]} 27. Rxe4 {[%emt 0:10:10]} Qf5 {[%emt 0:02:20]} 28. Qc4 {[%emt 0:03:37]} Rf8 {[%emt 0:03:48]} 29. Re2 {[%emt 0:02:03]} a5 {[%emt 0:00:03]} 30. b3 {[%emt 0:00:19]} Qf3 {[%emt 0:00:05]} 31. Kh2 {[%emt 0:01:58]} Rf5 {[%emt 0:00:18]} 32. Qa6 {[%emt 0:00:58]} Qxd5 {[%emt 0:03:57]} 33. Qxa5 {[%emt 0:00:08]} Qd3 {[%emt 0:02:41]} 34. Qd8+ {[%emt 0:00:27]} Kg7 {[%emt 0:00:16]} 35. Qe7+ {[%emt 0:00:50]} Rf7 {[%emt 0:01:53]} 36. Qe6 {[%emt 0:00:07]} Qd4 {[%emt 0:00:34]} 37. Kg2 {[%emt 0:00:44]} Qf6 {[%emt 0:00:46]} 38. Qe3 {[%emt 0:00:27]} d5 {[%emt 0:00:12]} 39. Qe5 {[%emt 0:00:54]} Qxe5 {[%emt 0:00:58]} 40. Rxe5 {[%emt 0:00:00]} Rd7 {[%emt 0:00:00]} 41. Kf1 {[%emt 0:18:26]} c4 {[%emt 0:07:15]} 42. bxc4 {[%emt 0:05:23]} dxc4 {[%emt 0:01:47]} 43. Ke2 {[%emt 0:01:44]} c3 {[%emt 0:01:03]} 44. Rc5 {[%emt 0:00:25]} Rd2+ {[%emt 0:01:01]} 45. Ke3 {[%emt 0:03:08]} Rd1 {[%emt 0:00:20]} 46. Ke2 {[%emt 0:00:32]} Ra1 {[%emt 0:00:07]} 47. Kd3 {[%emt 0:00:29]} b3 {[%emt 0:00:09]} 48. Kxc3 {[%emt 0:01:51]} Rc1+ {[%emt 0:00:05]} 49. Kxb3 {[%emt 0:00:07]} Rxc5 {[%emt 0:00:05]} 50. Kb4 {[%emt 0:00:03]} Rc2 {[%emt 0:00:05]} 0-1

[Event "EYCC Open-U18 2019"]
[Site "Bratislava"]
[Date "2019.08.08"]
[Round "7.27"]
[White "Boev, Viktor"]
[Black "Kozak, Antoni"]
[Result "1-0"]
[WhiteElo "2246"]
[BlackElo "2365"]
[Annotator "NA"]
[PlyCount "77"]
[EventDate "2019.08.02"]
[EventType "swiss"]
[EventCountry "SVK"]
[SourceTitle "playchess.com"]
[Source "ChessBase"]
[SourceQuality "1"]
[TimeControl "40/5400+30:1800+30"]

1. e4 {[%emt 0:00:00]} a6 {[%emt 0:00:00]} 2. d4 {[%emt 0:00:10]} e6 {[%emt 0:00:04]} 3. Bd3 {[%emt 0:01:13]} c5 {[%emt 0:00:40]} 4. c3 {[%emt 0:00:06]} d5 {[%emt 0:01:08]} 5. e5 {[%emt 0:00:07]} Bd7 {[%emt 0:00:11]} 6. Nf3 {[%emt 0:02:26]} cxd4 {[%emt 0:05:34]} 7. cxd4 {[%emt 0:00:08]} Bb5 {[%emt 0:00:04]} 8. Bc2 {[%emt 0:07:23]} a5 {[%emt 0:03:55]} 9. Nc3 {[%emt 0:05:56]} Bb4 {[%emt 0:09:11]} 10. Nd2 {[%emt 0:01:38]} Ba6 {[%emt 0:01:36]} 11. a3 {[%emt 0:04:48]} Bf8 {[%emt 0:05:44]} 12. Nf3 {[%emt 0:04:14]} Nc6 {[%emt 0:00:55]} 13. Ne2 {[%emt 0:01:25]} Nge7 {[%emt 0:01:19]} 14. O-O {[%emt 0:00:08]} Nc8 {[%emt 0:00:17]} 15. Re1 {[%emt 0:00:13]} Be7 {[%emt 0:00:39]} 16. Qd2 {[%emt 0:04:05]} Nb6 {[%emt 0:04:26]} 17. Qf4 {[%emt 0:01:10]} g5 {[%emt 0:01:54]} 18. Qg3 {[%emt 0:05:02]} h5 {[%emt 0:14:35]} 19. Bxg5 {[%emt 0:03:18]} Bxe2 {[%emt 0:03:40]} 20. Bxe7 {[%emt 0:01:58]} Qxe7 {[%emt 0:00:05]} 21. Rxe2 {[%emt 0:00:05]} O-O-O {[%emt 0:00:09]} 22. Qg5 {[%emt 0:04:27]} Qxg5 {[%emt 0:04:20]} 23. Nxg5 {[%emt 0:00:07]} Nxd4 {[%emt 0:00:32]} 24. Rd2 {[%emt 0:00:05]} Rhg8 {[%emt 0:00:10]} 25. f4 {[%emt 0:00:21]} Nxc2 {[%emt 0:01:30]} 26. Rxc2+ {[%emt 0:01:48]} Kd7 {[%emt 0:00:06]} 27. Nh7 {[%emt 0:02:02]} Rg6 {[%emt 0:04:00]} 28. Nf6+ {[%emt 0:01:44]} Rxf6 {[%emt 0:00:01]} 29. exf6 {[%emt 0:00:11]} a4 {[%emt 0:00:29]} 30. Kf2 {[%emt 0:02:39]} Rg8 {[%emt 0:00:29]} 31. Rd1 {[%emt 0:07:43]} Rg6 {[%emt 0:00:05]} 32. Rd4 {[%emt 0:00:06]} Rxf6 {[%emt 0:00:04]} 33. Kg3 {[%emt 0:00:11]} Kd6 {[%emt 0:01:36]} 34. Rb4 {[%emt 0:02:28]} Nc4 {[%emt 0:00:06]} 35. Rxb7 {[%emt 0:00:43]} Kc5 {[%emt 0:00:09]} 36. Rb4 {[%emt 0:01:49]} Kd4 {[%emt 0:00:29]} 37. Rxa4 {[%emt 0:00:13]} Kd3 {[%emt 0:00:05]} 38. Rc3+ {[%emt 0:00:04]} Ke2 {[%emt 0:00:29]} 39. Raxc4 {[%emt 0:00:26]} 1-0